Study on the situation of forest management in community phum chearearphaear district kampong chhnang province, សិក្សាពីស្ថានភាពគ្រប់គ្រងព្រៃឈើសហគមន៍ភូមិជារៅ នៅឃុំរលាប្អៀរ ស្រុករលាប្អៀរ ខេត្តកំពង់ឆ្នាំង (Record no. 3373)
[ view plain ]
| 000 -LEADER | |
|---|---|
| fixed length control field | 00746nam a22001577a 4500 |
| 003 - CONTROL NUMBER IDENTIFIER | |
| control field | OSt |
| 005 - DATE AND TIME OF LATEST TRANSACTION | |
| control field | 20230313165728.0 |
| 008 - FIXED-LENGTH DATA ELEMENTS--GENERAL INFORMATION | |
| fixed length control field | 151112b xxu||||| |||| 00| 0 eng d |
| 040 ## - CATALOGING SOURCE | |
| Transcribing agency | RUA |
| 082 ## - DEWEY DECIMAL CLASSIFICATION NUMBER | |
| Classification number | FOR |
| Edition number | VIN 2008 B135 Or.1 |
| 100 ## - MAIN ENTRY--PERSONAL NAME | |
| 9 (RLIN) | 3622 |
| Personal name | VIN, SERY PHEAP. |
| 245 ## - TITLE STATEMENT | |
| Title | Study on the situation of forest management in community phum chearearphaear district kampong chhnang province, សិក្សាពីស្ថានភាពគ្រប់គ្រងព្រៃឈើសហគមន៍ភូមិជារៅ នៅឃុំរលាប្អៀរ ស្រុករលាប្អៀរ ខេត្តកំពង់ឆ្នាំង |
| 260 ## - PUBLICATION, DISTRIBUTION, ETC. (IMPRINT) | |
| Place of publication, distribution, etc. | Phnom Penh |
| Name of publisher, distributor, etc. | RUA |
| Date of publication, distribution, etc. | 2008 |
| 300 ## - PHYSICAL DESCRIPTION | |
| Extent | xiii; 46p. |
| Other physical details | ill. |
| Dimensions | 29cm. |
| 942 ## - ADDED ENTRY ELEMENTS (KOHA) | |
| Source of classification or shelving scheme | |
| Koha item type | FOR |
| Price effective from | Date last seen | Permanent Location | Not for loan | Date acquired | Source of classification or shelving scheme | Koha item type | Lost status | Withdrawn status | Date last checked out | Total Checkouts | Shelving location | Damaged status | Barcode | Checked out | Current Location | Full call number |
|---|---|---|---|---|---|---|---|---|---|---|---|---|---|---|---|---|
| 2015-11-12 | 2022-04-05 | Library Block B | 2015-11-12 | FOR | 2022-03-28 | 1 | B135 | RUA028058 | Library Block B | FOR VIN 2008 B135 Or.1 | ||||||
| 2015-11-12 | 2016-04-06 | Library Block B | 2015-11-12 | FOR | 2016-03-18 | 1 | B136 | RUA028337 | Library Block B | FOR VIN 2008 B136 Or.2 | ||||||
| 2015-11-12 | 2018-05-23 | Library Block B | 2015-11-12 | FOR | 2018-05-12 | 1 | B135 | RUA028128 | Library Block B | FOR VIN 2008 B135 Or.3 | ||||||
| 2015-11-12 | 2015-11-12 | Library Block B | 2015-11-12 | FOR | B135 | RUA027367 | Library Block B | FOR VIN 2008 B135 Or.4 | ||||||||
| 2015-11-12 | 2015-11-12 | Library Block B | 2015-11-12 | FOR | B135 | RUA026638 | Library Block B | FOR VIN 2008 B135 Or.5 | ||||||||
| 2015-11-12 | 2026-06-26 | Library Block B | 2015-11-12 | FOR | 2026-06-26 | 2 | B135 | RUA026557 | 2026-07-31 | Library Block D | FOR VIN 2008 B135 Or.6 |